00606nam a2200181Ia 4500952012700000999001300127003000400140005001700144008004100161040000900202082001500211100004100226245006000267260004100327300000900368650001100377942003600388 00102ddc40708ISLAMaMESbMEScARBd2019-02-20g10.00l0o297 ALZ/Kp13906r2019-02-20 00:00:00w2019-02-20yREFzU15R5 c384d384OSt20210831142617.0190216s9999||||xx |||||||||||||| ||und|| coclc a297bALZ/K aAl Zindani, Abdul Majeed Azeez98737 0aKitab Tauhid Al Khalik /cAbdul Majeed Azeez Al Zindani bAl Mathbahathul Kaslookiya,aByroot: a160p aArabic cBK2ddch297iALZ/Kk297mALZ/K